Custodians Of The Past/ (Record no. 200753)

MARC details
000 -LEADER
fixed length control field 00648nam a22001937a 4500
005 - DATE AND TIME OF LATEST TRANSACTION
control field 20240215112610.0
010 ## - LCCN (DPL NO)
LC control number ENG-139280
020 ## - INTERNATIONAL STANDARD BOOK NUMBER
International Standard Book Number 9789350861998
Terms of availability 2500.00
035 ## - SYSTEM CONTROL NUMBER
System control number EN-122812
037 ## - SOURCE OF ACQUISITION
Source of stock number/acquisition DBAD/PUB
082 ## - DEWEY DECIMAL CLASSIFICATION NUMBER
Classification number 954
245 ## - TITLE STATEMENT
Title Custodians Of The Past/
Statement of responsibility, etc Gautam Sengupta and Abha Narain Lambah:
Remainder of title 150 Years of the Archaeological Survey of India
260 ## - PUBLICATION, DISTRIBUTION, ETC. (IMPRINT)
Place of publication, distribution, etc New Delhi
Name of publisher, distributor, etc The Director General Archaeological Survey of India
Date of publication, distribution, etc 2012
270 ## - ADDRESS
Address Janpath
City New Delhi
Postal code 110011
300 ## - PHYSICAL DESCRIPTION
Extent 220 p.
Dimensions 24cm(hbk)
700 ## - ADDED ENTRY--PERSONAL NAME
Personal name Sengupta Gautam
9 (RLIN) 62095
700 ## - ADDED ENTRY--PERSONAL NAME
Personal name Lambah Narain
9 (RLIN) 62096
942 ## - ADDED ENTRY ELEMENTS (KOHA)
Source of classification or shelving scheme Dewey Decimal Classification
Item type English Books
Classification part 954
Call number suffix CUS
Holdings
Withdrawn status Lost status Not for loan Collection code Home library Current library Date acquired Source of acquisition Cost, normal purchase price Full call number Barcode Copy number Cost, replacement price Koha item type
    Not For Loan Reference Sarojini Nagar Sarojini Nagar 15/02/2024 DBAD/PUB 2500.00 954 CUS EN-122812 1 2500.00 English Books

© Delhi Public Library
Hit Counter
free hit counter